Online
Catalog

Repertorio Bibliográfico de las Relaciones entre la Península Ibérica y el Norte de África. : (Record no. 41486)

MARC details
000 -CABECERA
campo de control de longitud fija 00766nam a2200181 a 4500
001 - NÚMERO DE CONTROL
campo de control 000041997
005 - FECHA Y HORA DE LA ÚLTIMA TRANSACCIÓN
campo de control 20201002035856.0
008 - DATOS DE LONGITUD FIJA--INFORMACIÓN GENERAL
campo de control de longitud fija 131029s1989 sp 000 0 spa d
020 ## - NÚMERO INTERNACIONAL ESTÁNDAR DEL LIBRO
Número Internacional Estándar del Libro 8400069501
040 ## - FUENTE DE LA CATALOGACIÓN
Centro catalogador/agencia de origen DO-SdBNP
Lengua de catalogación spa
Centro/agencia transcriptor BNPHU
100 1# - ENTRADA PRINCIPAL--NOMBRE DE PERSONA
Nombre de persona García Arenal, Mercedes
9 (RLIN) 67530
245 10 - MENCIÓN DE TÍTULO
Título Repertorio Bibliográfico de las Relaciones entre la Península Ibérica y el Norte de África. :
Resto del título (siglos XV-XVI), fuentes y bibliografía /
Mención de responsabilidad, etc. Mercedes García Arenal, Miguel Ángel de Bunes, Victoria Aguilar.
260 ## - PUBLICACIÓN, DISTRIBUCIÓN, ETC.
Lugar de publicación, distribución, etc. Madrid, :
Nombre del editor, distribuidor, etc. Consejo Superior de Investigaciones Científicas
-- Instituto de Filología,
Fecha de publicación, distribución, etc. 1989.
300 ## - DESCRIPCIÓN FÍSICA
Extensión 303 p. ;
Dimensiones 24 cm.
504 ## - NOTA DE BIBLIOGRAFÍA, ETC.
Nota de bibliografía, etc. Bibliografía p: 75-84
700 1# - PUNTO DE ACCESO ADICIONAL--NOMBRE DE PERSONA
Nombre de persona Bunes, Miguel Ángel de
9 (RLIN) 68938
700 1# - PUNTO DE ACCESO ADICIONAL--NOMBRE DE PERSONA
Nombre de persona Aguilar, Victoria
9 (RLIN) 68939
Holdings
Estado de retiro Estado de pérdida Restricciones de uso No para préstamo Código de colección Localización permanente Ubicación/localización actual Ubicación en estantería Fecha de adquisición Número de inventario Total de préstamos Signatura topográfica completa Código de barras Fecha visto por última vez Precio válido a partir de Tipo de ítem Koha
      Excluido de préstamo Monografías: Libros y Folletos General General En catalogación 29.10.2013 LF1   41997-10 25.06.2020 25.06.2020 No se presta

Powered by Koha